00465nam a2200193Ia 4500003000400000005001700004008004100021020001500062040000700077041000800084082002100092100001600113245002700129260004300156300001200199365001300211650003100224650001600255OSt20230608111707.0210423s2006 xx 000 0 und d a8185167141 cAL aeng a361.3 223bJACS aJACOB (K K) aSocial policy in india aNew DelhibHimanshu Publicationsc2006 a150bHB b395cINR aSocial Problems & Services aSocial Work